[Event "35th European Club Cup 2019"]
[Site "Ulcinj"]
[Date "2019.11.14"]
[Round "5.16"]
[White "Bartos, Jan"]
[Black "Repplinger, Marc"]
[Result "1-0"]
[WhiteElo "2136"]
[BlackElo "2211"]
[Annotator "NA"]
[PlyCount "105"]
[EventDate "2019.11.10"]
[EventType "team-tourn"]
[EventCountry "MNE"]
[SourceTitle "playchess.com"]
[Source "ChessBase"]
[SourceQuality "1"]
[WhiteTeam "Unichess"]
[BlackTeam "De Sprenger Echternach"]
[TimeControl "40/5400+30:1800+30"]

1. d4 e6 2. Nf3 f5 3. g3 Nf6 4. Bg2 Be7 5. O-O O-O 6. c4 d6 7. Nc3 Ne4 8. Nxe4 fxe4 9. Nd2 d5 10. f3 Nc6 11. fxe4 Rxf1+ 12. Kxf1 dxc4 13. Nf3 e5 14. d5 Bg4 15. Be3 Bxf3 16. exf3 Nb4 17. a3 Nd3 18. b3 Bc5 19. Bxc5 Nxc5 20. bxc4 Qd6 21. Kg1 Rf8 22. Qc2 b6 23. Qc3 Kh8 24. Rf1 Qe7 25. Qe3 h6 26. f4 Re8 27. f5 Nd7 28. h4 Kg8 29. Bf3 Rb8 30. Rb1 Rf8 31. Kg2 Qd6 32. g4 Kf7 33. g5 hxg5 34. hxg5 Rh8 35. Rh1 Rxh1 36. Kxh1 Qf8 37. Bh5+ Ke7 38. Qh3 Qh8 39. Kg2 Nc5 40. Kf3 Nd7 41. Ke3 Kd8 42. Bg4 Qf8 43. Kd2 Qc5 44. Qh8+ Nf8 45. Be2 Qxa3 46. Qxg7 Qb2+ 47. Ke1 Qc1+ 48. Kf2 Qf4+ 49. Bf3 Qh2+ 50. Ke3 Qg1+ 51. Ke2 Qc5 52. Qxe5 Kc8 53. Qe8+ 1-0

[Event "35th European Club Cup 2019"]
[Site "Ulcinj"]
[Date "2019.11.14"]
[Round "5.17"]
[White "Rozentalis, Eduardas"]
[Black "Antipov, Mikhail Al."]
[Result "0-1"]
[WhiteElo "2547"]
[BlackElo "2558"]
[Annotator "ChessBase"]
[PlyCount "78"]
[EventDate "2019.11.10"]
[EventType "team-tourn"]
[EventCountry "MNE"]
[SourceTitle "playchess.com"]
[Source "ChessBase"]
[SourceQuality "1"]
[WhiteTeam "Koge SK"]
[BlackTeam "Molodezka"]
[TimeControl "40/5400+30:1800+30"]

1. e4 {[%emt 0:00:00]} e6 {[%emt 0:00:00]} 2. d4 {[%emt 0:00:00]} d5 {[%emt 0:00:00]} 3. Nd2 {[%emt 0:00:24]} c5 {[%emt 0:00:00]} 4. Ngf3 {[%emt 0:00:34]} cxd4 {[%emt 0:00:00]} 5. Nxd4 {[%emt 0:00:37]} Nc6 {[%emt 0:00:00]} 6. Bb5 {[%emt 0:00:29]} Bd7 {[%emt 0:00:03]} 7. Nxc6 {[%emt 0:00:09]} bxc6 {[%emt 0:01:10]} 8. Bd3 {[%emt 0:00:15]} Bd6 {[%emt 0:00:57]} 9. Qe2 {[%emt 0:02:45]} e5 {[%emt 0:04:29]} 10. f4 {[%emt 0:03:29]} exf4 {[%emt 0:09:38]} 11. exd5+ {[%emt 0:01:58]} Kf8 {[%emt 0:01:00]} 12. Ne4 {[%emt 0:03:50]} Qh4+ {[%emt 0:04:46]} 13. Qf2 {[%emt 0:06:05]} Qxf2+ {[%emt 0:02:20]} 14. Kxf2 {[%emt 0:00:12]} Be5 {[%emt 0:00:08]} 15. dxc6 {[%emt 0:04:38]} Bxc6 {[%emt 0:00:12]} 16. Re1 {[%emt 0:00:17]} Nh6 {[%emt 0:25:14]} 17. Kf1 {[%emt 0:05:22]} Nf5 {[%emt 0:10:11]} 18. Nc3 {[%emt 0:15:18]} Ne3+ {[%emt 0:02:43]} 19. Bxe3 {[%emt 0:00:17]} fxe3 {[%emt 0:00:04]} 20. Rxe3 {[%emt 0:00:39]} Bxh2 {[%emt 0:05:02]} 21. Be4 {[%emt 0:01:59]} Bxe4 {[%emt 0:02:15]} 22. Nxe4 {[%emt 0:01:49]} h5 {[%emt 0:03:31]} 23. Rd1 {[%emt 0:09:45]} Re8 {[%emt 0:03:35]} 24. Rh3 {[%emt 0:05:07]} Rh6 {[%emt 0:02:23]} 25. Rxh2 {[%emt 0:03:27]} Rxe4 {[%emt 0:00:07]} 26. Rh3 {[%emt 0:00:03]} Rc6 {[%emt 0:07:52]} 27. c3 {[%emt 0:02:04]} h4 {[%emt 0:00:28]} 28. Rd8+ {[%emt 0:11:09]} Ke7 {[%emt 0:00:07]} 29. Rhd3 {[%emt 0:00:29]} Rf6+ {[%emt 0:03:57]} 30. Kg1 {[%emt 0:00:48]} Re1+ {[%emt 0:00:07]} 31. Kh2 {[%emt 0:00:05]} Rf2 {[%emt 0:06:26]} 32. Rd2 {[%emt 0:15:25]} Ree2 {[%emt 0:00:24]} 33. R8d7+ {[%emt 0:03:10]} Kf6 {[%emt 0:00:13]} 34. Rxe2 {[%emt 0:00:20]} Rxe2 {[%emt 0:00:02]} 35. Rxa7 {[%emt 0:00:17]} g5 {[%emt 0:01:32]} 36. Ra4 {[%emt 0:03:03]} Kf5 {[%emt 0:04:40]} 37. Rb4 {[%emt 0:01:02]} g4 {[%emt 0:00:12]} 38. Kg1 {[%emt 0:00:30]} g3 {[%emt 0:00:38]} 39. Kf1 {[%emt 0:00:05]} Rf2+ {[%emt 0:00:04]} 0-1

[Event "35th European Club Cup 2019"]
[Site "Ulcinj"]
[Date "2019.11.14"]
[Round "5.17"]
[White "Seresin, Francesco"]
[Black "Sakalauskas, Vaidas"]
[Result "0-1"]
[WhiteElo "2367"]
[BlackElo "2319"]
[Annotator "TA"]
[PlyCount "58"]
[EventDate "2019.11.10"]
[EventType "team-tourn"]
[EventCountry "MNE"]
[SourceTitle "playchess.com"]
[Source "ChessBase"]
[SourceQuality "1"]
[WhiteTeam "WorldTradingLab Club"]
[BlackTeam "MRU-ROSK Consulting"]

{[%evp 9,152,21,29,0,4,0,7,-18,-18,-20,-20,-33,-30,-32,-18,-49,-50,-35,-45,-62,-27,-51,-13,-14,-9,-12,-9,-10,0,-31,0,-40,-28,-33,-3,-42,-34,-55,-52,-52,-60,-62,-54,-90,-59,-60,-58,-56,-54,-58,-38,-44,-33,-75,-65,-55,-74,-66,-58,-90,-85,-85,-90,-83,-83,-83,-83,-83,-85,-89,-71,-71,-41,-60,-51,-72,-98,-340,-329,-313,-136,-449,-441,-377,-347,-623,-612,-1001,-1001,-855,-812,-710,-686,-1271,-1272,-29948,-29950,-29949,-29950,-29951,-29950,-29954,-29955,-29957,-29958,-29960,-29958,-29959,-29961,-29960,-29961,-29961,-29959,-29962,-29961,-29962,-29963,-29962,-29964,-29966,-29965,-29966,-29967,-29967,-29969,-29973,-29974,-29974,-29975,-29973,-29972,-29972,-29972,-29973,-29974,-29977,-29978,-29979,-29976,-29984,-29974,-29972,-29970,-29993,-217]} 1. c4 e6 2. d4 d5 3. Nc3 a6 4. cxd5 exd5 5. Nf3 h6 (5... Nf6 6. Bg5 Be6 7. e3 Nbd7 8. Bd3 c6 9. Qb3 Qb6 10. Qxb6 Nxb6 11. Bxf6 gxf6 12. Nh4 a5 13. O-O-O Bb4 {1-0 (40) So,W (2767)-Demchenko,A (2655) Khanty-Mansiysk 2019}) 6. g3 {D31: Queen's Gambit Declined: Semi-Slav without ...Nf6 (+ Marshall Gambit and Noteboom) and Exchange Variation lines without ...Nf6} Nf6 7. Qc2 $146 ({Predecessor:} 7. Bg2 Bd6 8. Bf4 Bxf4 9. gxf4 Nc6 10. e3 Qd6 11. a3 Ne7 12. Ne2 Bg4 13. Ne5 Bxe2 14. Qxe2 O-O 15. Rc1 c6 16. h4 {½-½ (16) Collas,S (2307)-Sarkar,J (2415) Sitges 2016}) 7... Bd6 8. Bg2 {The position is equal.} O-O 9. O-O Nc6 10. a3 Ne7 11. Ne5 c6 12. e3 Bf5 13. Qe2 Re8 14. f4 Qc8 15. Bd2 Ne4 (15... h5 {looks sharper.} 16. Rfe1 g6 17. b4 Qd8 18. Rac1 Kg7) 16. Nxe4 Bxe4 17. Bxe4 dxe4 18. Nc4 Bc7 19. Rac1 Nd5 20. Rc2 Qd8 21. Be1 Qe7 22. Nd2 Rad8 23. Nb1 Bb6 24. Bf2 c5 25. dxc5 Bxc5 26. Rd2 Nf6 27. Rfd1 Rxd2 28. Rxd2 Qe6 29. Kg2 Nd5 {Played: Qe6-b3} 0-1

[Event "35th European Club Cup 2019"]
[Site "Ulcinj"]
[Date "2019.11.14"]
[Round "5.17"]
[White "Gnichtel, Gerd"]
[Black "Lamser, Jan"]
[Result "1/2-1/2"]
[WhiteElo "2134"]
[BlackElo "2134"]
[Annotator "NA"]
[PlyCount "89"]
[EventDate "2019.11.10"]
[EventType "team-tourn"]
[EventCountry "MNE"]
[SourceTitle "playchess.com"]
[Source "ChessBase"]
[SourceQuality "1"]
[WhiteTeam "De Sprenger Echternach"]
[BlackTeam "Unichess"]
[TimeControl "40/5400+30:1800+30"]

1. d4 {[%emt 0:00:00]} d5 {[%emt 0:00:00]} 2. Nf3 {[%emt 0:00:01]} e6 {[%emt 0:00:04]} 3. g3 {[%emt 0:01:22]} c5 {[%emt 0:00:25]} 4. c3 {[%emt 0:00:51]} Nf6 {[%emt 0:07:07]} 5. Bg2 {[%emt 0:00:51]} b5 {[%emt 0:02:25]} 6. Ne5 {[%emt 0:10:17]} Qb6 {[%emt 0:07:41]} 7. O-O {[%emt 0:03:23]} Bb7 {[%emt 0:03:25]} 8. a4 {[%emt 0:06:58]} a5 {[%emt 0:03:14]} 9. axb5 {[%emt 0:06:07]} Qxb5 {[%emt 0:00:18]} 10. c4 {[%emt 0:01:19]} dxc4 {[%emt 0:03:39]} 11. Na3 {[%emt 0:01:06]} Qa6 {[%emt 0:01:54]} 12. Qa4+ {[%emt 0:09:15]} Nbd7 {[%emt 0:00:26]} 13. Naxc4 {[%emt 0:19:02]} Bxg2 {[%emt 0:02:39]} 14. Kxg2 {[%emt 0:01:02]} cxd4 {[%emt 0:01:48]} 15. Bg5 Bc5 {[%emt 0:17:47]} 16. Nxa5 {[%emt 0:18:14]} Qd6 {[%emt 0:03:57]} 17. Bxf6 {[%emt 0:03:37]} gxf6 {[%emt 0:00:58]} 18. Nxd7 {[%emt 0:00:28]} Qd5+ {[%emt 0:01:01]} 19. Kg1 {[%emt 0:00:09]} Qxd7 {[%emt 0:00:09]} 20. Qc4 {[%emt 0:03:36]} Bb6 {[%emt 0:02:00]} 21. b4 {[%emt 0:01:36]} O-O 22. Nc6 {[%emt 0:00:51]} Rfc8 {[%emt 0:09:14]} 23. b5 {[%emt 0:00:17]} Kg7 {[%emt 0:03:25]} 24. Rfd1 {[%emt 0:00:40]} e5 {[%emt 0:01:55]} 25. Qd3 {[%emt 0:02:49]} Qe6 {[%emt 0:01:58]} 26. Qe4 {[%emt 0:02:14]} Rxa1 {[%emt 0:03:44]} 27. Rxa1 {[%emt 0:00:02]} f5 {[%emt 0:02:27]} 28. Qxe5+ {[%emt 0:02:12]} Qxe5 {[%emt 0:00:12]} 29. Nxe5 {[%emt 0:00:02]} Rc5 {[%emt 0:04:36]} 30. Nd7 {[%emt 0:00:23]} Rxb5 {[%emt 0:00:12]} 31. Nxb6 {[%emt 0:00:06]} Rxb6 {[%emt 0:00:05]} 32. Ra5 {[%emt 0:01:02]} Kf6 {[%emt 0:04:02]} 33. Rd5 {[%emt 0:00:15]} Rb2 {[%emt 0:01:11]} 34. Kf1 {[%emt 0:00:25]} Rb1+ {[%emt 0:00:10]} 35. Kg2 {[%emt 0:00:06]} Rb4 {[%emt 0:01:39]} 36. Kf3 {[%emt 0:02:30]} Ke6 {[%emt 0:00:34]} 37. Rd8 {[%emt 0:00:30]} Ke7 {[%emt 0:00:22]} 38. Rd5 {[%emt 0:01:11]} Ke6 {[%emt 0:00:05]} 39. Rd8 {[%emt 0:01:07]} Ke7 {[%emt 0:00:55]} 40. Rh8 {[%emt 0:00:00]} Rb3+ {[%emt 0:00:00]} 41. Kf4 {[%emt 0:01:40]} Rb2 {[%emt 0:00:49]} 42. Kf3 {[%emt 0:00:53]} Rb3+ {[%emt 0:00:11]} 43. Kg2 {[%emt 0:05:30]} Rb2 {[%emt 0:00:16]} 44. Kf1 {[%emt 0:01:00]} Rb1+ {[%emt 0:00:05]} 45. Kg2 {[%emt 0:00:06]} 1/2-1/2

[Event "35th European Club Cup 2019"]
[Site "Ulcinj"]
[Date "2019.11.14"]
[Round "5.17"]
[White "Vujovic, Savo"]
[Black "Iivonen, Markku"]
[Result "1-0"]
[WhiteElo "2040"]
[BlackElo "2096"]
[Annotator "NA"]
[PlyCount "78"]
[EventDate "2019.11.10"]
[EventType "team-tourn"]
[EventCountry "MNE"]
[SourceTitle "playchess.com"]
[Source "ChessBase"]
[SourceQuality "1"]
[WhiteTeam "Crnogorac"]
[BlackTeam "Tammer-Shakki"]
[TimeControl "40/5400+30:1800+30"]

1. e4 {[%emt 0:00:00]} g6 {[%emt 0:00:00]} 2. d4 {[%emt 0:00:00]} Bg7 {[%emt 0:00:00]} 3. c4 {[%emt 0:00:52]} d6 {[%emt 0:00:14]} 4. Nc3 {[%emt 0:00:30]} Nd7 {[%emt 0:00:28]} 5. Nf3 {[%emt 0:00:00]} c5 {[%emt 0:01:24]} 6. Be2 {[%emt 0:00:25]} a6 {[%emt 0:02:26]} 7. O-O {[%emt 0:01:06]} cxd4 {[%emt 0:00:43]} 8. Nxd4 {[%emt 0:00:09]} Ngf6 {[%emt 0:00:10]} 9. Be3 {[%emt 0:00:42]} O-O {[%emt 0:00:24]} 10. f4 {[%emt 0:01:31]} Qc7 {[%emt 0:08:08]} 11. Rc1 {[%emt 0:02:08]} e6 12. Bf3 {[%emt 0:03:16]} Rb8 {[%emt 0:13:44]} 13. g4 {[%emt 0:06:20]} b6 {[%emt 0:00:36]} 14. Ncb5 {[%emt 0:08:10]} axb5 {[%emt 0:01:52]} 15. cxb5 {[%emt 0:00:05]} Qb7 {[%emt 0:04:11]} 16. Nc6 {[%emt 0:01:20]} d5 {[%emt 0:14:15]} 17. exd5 {[%emt 0:03:21]} Nxd5 {[%emt 0:00:03]} 18. Bxd5 {[%emt 0:00:13]} exd5 {[%emt 0:00:08]} 19. Bd4 {[%emt 0:04:51]} f6 {[%emt 0:06:05]} 20. Re1 {[%emt 0:01:31]} Qa8 {[%emt 0:07:57]} 21. Re7 {[%emt 0:04:08]} Rb7 {[%emt 0:01:36]} 22. Qb3 {[%emt 0:03:20]} Nc5 {[%emt 0:06:46]} 23. Bxc5 {[%emt 0:01:49]} bxc5 {[%emt 0:00:11]} 24. Qxd5+ {[%emt 0:00:22]} Kh8 {[%emt 0:00:16]} 25. Nd8 {[%emt 0:03:10]} Rxe7 {[%emt 0:09:28]} 26. Qxa8 {[%emt 0:00:17]} Rxd8 {[%emt 0:00:06]} 27. Rxc5 {[%emt 0:10:44]} Ree8 {[%emt 0:01:55]} 28. Rd5 {[%emt 0:04:03]} Bf8 {[%emt 0:05:11]} 29. Qc6 {[%emt 0:01:52]} Kg8 {[%emt 0:03:04]} 30. Rxd8 {[%emt 0:03:01]} Rxd8 {[%emt 0:00:02]} 31. b6 {[%emt 0:02:32]} Rd1+ {[%emt 0:04:45]} 32. Kf2 {[%emt 0:00:13]} Bd7 {[%emt 0:00:20]} 33. Qc4+ {[%emt 0:01:13]} Kg7 {[%emt 0:00:09]} 34. b7 {[%emt 0:01:35]} Bd6 {[%emt 0:00:57]} 35. Qc8 {[%emt 0:02:57]} Bxf4 {[%emt 0:00:23]} 36. b8=Q {[%emt 0:01:33]} Bxb8 {[%emt 0:01:37]} 37. Qxb8 {[%emt 0:00:11]} Bxg4 {[%emt 0:00:13]} 38. a4 {[%emt 0:00:27]} Rd2+ {[%emt 0:06:36]} 39. Ke3 {[%emt 0:00:16]} Re2+ {[%emt 0:00:08] Ke4} 1-0

[Event "35th European Club Cup 2019"]
[Site "Ulcinj"]
[Date "2019.11.14"]
[Round "5.18"]
[White "Kryakvin, Dmitry"]
[Black "Smith, Axel"]
[Result "0-1"]
[WhiteElo "2605"]
[BlackElo "2465"]
[Annotator "TA"]
[PlyCount "66"]
[EventDate "2019.11.10"]
[EventType "team-tourn"]
[EventCountry "MNE"]
[SourceTitle "playchess.com"]
[Source "ChessBase"]
[SourceQuality "1"]
[WhiteTeam "Molodezka"]
[BlackTeam "Koge SK"]

{[%evp 14,106,15,0,12,8,0,-30,-39,-28,-26,-49,-30,-49,-50,-71,-57,-52,-61,-89,-97,-115,-99,-126,-118,-146,-149,-289,-284,-279,-291,-864,-863,-877,-821,-1083,-364,-361,-354,-329,-338,-490,-443,-443,-437,-437,-436,-411,-403,-490,-478,-479,-498,-484,-469,-502,-494,-489,-472,-474,-470,-496,-510,-571,-531,-632,-500,-526,-522,-763,-760,-742,-738,-690,-675,-12837,-827,-8310,-11814,-1833,-1249,-12835,-12835,-12836,-12838,-12845,-12846,-12850,-12850,-12850,-12851,-12851,-12851,-12851,-12851]} 1. Nf3 d5 2. e3 c5 3. c4 e6 4. b3 Nf6 5. Bb2 Nc6 6. cxd5 exd5 7. Bb5 Bd6 8. O-O O-O {A13: English Opening: 1...e6} 9. d4 (9. h3 Re8 10. d4 cxd4 11. Nxd4 Bc7 12. Nd2 Qd6 13. N2f3 Bd7 14. Be2 a6 15. Nc2 Ne4 16. Bd3 {½-½ (36) Karjakin,S (2748)-So,W (2763) Riga 2019}) 9... cxd4 10. Bxc6 bxc6 {Black has an edge.} 11. Qxd4 Re8 12. Nbd2 a5 $146 {[%cal Ba7a5,Ba5a4][%mdl 32]} ({Predecessor:} 12... c5 13. Qd3 Ne4 14. Rfd1 Bb7 15. Nf1 Qd7 16. Ng3 {1-0 (32) Larino Nieto,D (2432)-Cornette,M (2587) Caleta 2019}) 13. Rfc1 c5 14. Qd3 Ba6 15. Qf5 Qd7 16. Qc2 Ne4 17. Nf1 {[#]} a4 $1 {[%mdl 512]} 18. Ng3 (18. bxa4 Bb7) 18... Bb7 19. Nxe4 Rxe4 ({Don't play} 19... dxe4 20. Nd2 $15) 20. h3 (20. Qd1 $17) 20... Re6 $19 21. Qf5 {[#]} d4 $1 {[%mdl 512] And now ...Be4 would win.} 22. bxa4 $2 (22. h4) (22. exd4 Re1+) 22... Be4 23. Qh5 Rh6 24. Ne5 Qe6 $2 (24... Rxh5 $2 25. Nxd7 dxe3 26. fxe3 $17) (24... Bxe5 25. Qxe5 {[#]} Bxg2 $1 {[%mdl 512]} 26. Bxd4 cxd4) 25. Qxf7+ Qxf7 26. Nxf7 Kxf7 27. f3 (27. exd4 {was the only defense.} Rg6 28. g3) 27... Bd5 28. exd4 c4 29. Bc3 Rxa4 30. Rc2 Bb4 31. Kf2 Bxc3 {Black is clearly winning.} 32. Rxc3 Rb6 33. Rc2 Be6 {Played: Ra4-a3} 0-1

[Event "35th European Club Cup 2019"]
[Site "Ulcinj"]
[Date "2019.11.14"]
[Round "5.18"]
[White "Setkauskas, Vaidas"]
[Black "Bettalli, Francesco"]
[Result "1/2-1/2"]
[WhiteElo "2195"]
[BlackElo "2164"]
[Annotator "NA"]
[PlyCount "37"]
[EventDate "2019.11.10"]
[EventType "team-tourn"]
[EventCountry "MNE"]
[SourceTitle "playchess.com"]
[Source "ChessBase"]
[SourceQuality "1"]
[WhiteTeam "MRU-ROSK Consulting"]
[BlackTeam "WorldTradingLab Club"]
[TimeControl "40/5400+30:1800+30"]

1. e4 {[%emt 0:00:00]} c5 {[%emt 0:00:00]} 2. Nf3 {[%emt 0:00:00]} Nc6 {[%emt 0:00:05]} 3. Nc3 {[%emt 0:00:21]} d6 {[%emt 0:00:08]} 4. d4 {[%emt 0:05:22]} cxd4 {[%emt 0:00:06]} 5. Nxd4 {[%emt 0:00:03]} e5 {[%emt 0:00:08]} 6. Nxc6 {[%emt 0:02:12]} bxc6 {[%emt 0:00:08]} 7. Bc4 {[%emt 0:05:17]} Be7 {[%emt 0:01:32]} 8. Qh5 {[%emt 0:02:21]} g6 {[%emt 0:02:01]} 9. Qf3 {[%emt 0:02:32]} Nf6 {[%emt 0:05:57]} 10. Bh6 {[%emt 0:25:56]} Rb8 {[%emt 0:07:38]} 11. h3 {[%emt 0:02:19]} Be6 {[%emt 0:03:57]} 12. Bb3 {[%emt 0:02:09]} Nd7 {[%emt 0:12:44]} 13. Rd1 {[%emt 0:10:20]} Qc7 {[%emt 0:03:43]} 14. Bxe6 {[%emt 0:13:17]} fxe6 {[%emt 0:00:06]} 15. b3 {[%emt 0:00:08]} Bf8 {[%emt 0:07:27]} 16. Bg5 {[%emt 0:01:38]} Be7 {[%emt 0:05:11]} 17. Bh6 {[%emt 0:00:38]} Bf8 {[%emt 0:09:47]} 18. Bg5 {[%emt 0:01:37]} Be7 {[%emt 0:04:21]} 19. Bh6 {[%emt 0:00:06]} 1/2-1/2

[Event "35th European Club Cup 2019"]
[Site "Ulcinj"]
[Date "2019.11.14"]
[Round "5.18"]
[White "Vanek, Petr"]
[Black "Sparwel, Oliver"]
[Result "1/2-1/2"]
[WhiteElo "2049"]
[BlackElo "1977"]
[Annotator "NA"]
[PlyCount "67"]
[EventDate "2019.11.10"]
[EventType "team-tourn"]
[EventCountry "MNE"]
[SourceTitle "playchess.com"]
[Source "ChessBase"]
[SourceQuality "1"]
[WhiteTeam "Unichess"]
[BlackTeam "De Sprenger Echternach"]
[TimeControl "40/5400+30:1800+30"]

1. e4 {[%emt 0:00:00]} d6 {[%emt 0:00:00]} 2. Nc3 {[%emt 0:00:00]} Nf6 {[%emt 0:00:09]} 3. g3 {[%emt 0:00:58]} e5 {[%emt 0:00:13]} 4. Bg2 {[%emt 0:00:14]} g6 {[%emt 0:02:00]} 5. Nf3 {[%emt 0:01:30]} Bg7 {[%emt 0:00:39]} 6. O-O {[%emt 0:01:13]} Nc6 {[%emt 0:02:14]} 7. d4 {[%emt 0:07:32]} Bg4 {[%emt 0:01:24]} 8. d5 {[%emt 0:02:14]} Nd4 {[%emt 0:02:01]} 9. Be3 {[%emt 0:01:49]} Nxf3+ {[%emt 0:10:10]} 10. Bxf3 {[%emt 0:00:07]} Bxf3 {[%emt 0:00:13]} 11. Qxf3 {[%emt 0:00:06]} O-O {[%emt 0:00:13]} 12. Qe2 {[%emt 0:04:56]} Nd7 {[%emt 0:02:23]} 13. Qd2 {[%emt 0:06:23]} f5 {[%emt 0:09:29]} 14. Bh6 {[%emt 0:04:10]} f4 {[%emt 0:04:18]} 15. Bxg7 {[%emt 0:00:09]} Kxg7 {[%emt 0:00:08]} 16. f3 {[%emt 0:01:06]} Qe7 {[%emt 0:15:45]} 17. Qg2 {[%emt 0:06:30]} Kh8 {[%emt 0:04:40]} 18. Kf2 {[%emt 0:01:21]} b5 {[%emt 0:03:36]} 19. a3 {[%emt 0:03:37]} a5 {[%emt 0:03:04]} 20. Nxb5 {[%emt 0:01:37]} Rab8 {[%emt 0:07:09]} 21. a4 {[%emt 0:03:07]} c6 {[%emt 0:01:03]} 22. dxc6 {[%emt 0:00:24]} Nc5 {[%emt 0:00:55]} 23. b3 {[%emt 0:01:37]} fxg3+ {[%emt 0:01:15]} 24. hxg3 {[%emt 0:00:46]} Nxe4+ {[%emt 0:02:13]} 25. Kg1 {[%emt 0:00:26]} Nxg3 {[%emt 0:05:30]} 26. Qxg3 {[%emt 0:03:52]} Rf5 {[%emt 0:00:02]} 27. f4 {[%emt 0:06:37]} exf4 {[%emt 0:05:06]} 28. Qc3+ {[%emt 0:01:34]} Re5 {[%emt 0:00:49]} 29. Rae1 {[%emt 0:04:27]} Qg5+ {[%emt 0:00:44]} 30. Kh2 {[%emt 0:01:05]} Rbe8 {[%emt 0:01:17]} 31. Nxd6 {[%emt 0:05:21]} Qh4+ {[%emt 0:00:40]} 32. Kg1 {[%emt 0:01:00]} Qg4+ {[%emt 0:02:53]} 33. Kh2 {[%emt 0:00:38]} Qh4+ {[%emt 0:00:06]} 34. Kg1 1/2-1/2

[Event "35th European Club Cup 2019"]
[Site "Ulcinj"]
[Date "2019.11.14"]
[Round "5.18"]
[White "Kaatiala, Pekka"]
[Black "Djurovic, Peko"]
[Result "0-1"]
[WhiteElo "2004"]
[BlackElo "1943"]
[Annotator "NA"]
[PlyCount "102"]
[EventDate "2019.11.10"]
[EventType "team-tourn"]
[EventCountry "MNE"]
[SourceTitle "playchess.com"]
[Source "ChessBase"]
[SourceQuality "1"]
[WhiteTeam "Tammer-Shakki"]
[BlackTeam "Crnogorac"]
[TimeControl "40/5400+30:1800+30"]

1. e4 {[%emt 0:01:43]} c5 {[%emt 0:00:00]} 2. Nf3 {[%emt 0:00:35]} Nc6 {[%emt 0:00:15]} 3. d3 e6 {[%emt 0:01:23]} 4. g3 {[%emt 0:01:09]} d5 {[%emt 0:00:27]} 5. Nbd2 {[%emt 0:00:08]} Nf6 {[%emt 0:00:14]} 6. Bg2 {[%emt 0:00:17]} Be7 {[%emt 0:00:32]} 7. O-O {[%emt 0:00:07]} O-O {[%emt 0:00:08]} 8. Re1 {[%emt 0:00:03]} Re8 {[%emt 0:01:17]} 9. e5 {[%emt 0:00:53]} Nd7 {[%emt 0:00:17]} 10. h4 {[%emt 0:00:45]} Qc7 {[%emt 0:00:44]} 11. Qe2 {[%emt 0:00:25]} Bf8 {[%emt 0:01:41]} 12. Nf1 {[%emt 0:03:02]} b6 {[%emt 0:03:03]} 13. Bf4 {[%emt 0:00:35]} Bb7 {[%emt 0:00:13]} 14. N1h2 {[%emt 0:04:02]} Ne7 {[%emt 0:00:41]} 15. c3 {[%emt 0:05:43]} Ng6 {[%emt 0:05:42]} 16. Bd2 {[%emt 0:00:55]} f6 {[%emt 0:01:48]} 17. d4 {[%emt 0:01:20]} fxe5 {[%emt 0:01:35]} 18. dxe5 a5 {[%emt 0:03:18]} 19. h5 {[%emt 0:08:13]} Ne7 {[%emt 0:00:27]} 20. Bf4 {[%emt 0:01:01]} a4 {[%emt 0:02:56]} 21. Bh3 {[%emt 0:16:38]} Qc6 {[%emt 0:02:28]} 22. Bg2 {[%emt 0:10:38]} Qc7 {[%emt 0:04:09]} 23. Ng5 {[%emt 0:04:40]} Qc6 {[%emt 0:08:43]} 24. Qc2 {[%emt 0:04:54]} g6 {[%emt 0:08:59]} 25. g4 {[%emt 0:17:47]} Bg7 {[%emt 0:13:08]} 26. h6 {[%emt 0:00:21]} Bxh6 27. Nxe6 {[%emt 0:00:13]} Qxe6 {[%emt 0:00:33]} 28. Bxh6 {[%emt 0:02:37]} Bc6 {[%emt 0:02:46]} 29. f4 {[%emt 0:00:30]} d4 {[%emt 0:00:30]} 30. cxd4 {[%emt 0:01:37]} cxd4 {[%emt 0:01:01]} 31. Qd2 {[%emt 0:03:11]} Nc5 {[%emt 0:03:18]} 32. Qxd4 {[%emt 0:04:12]} Rad8 {[%emt 0:00:34]} 33. Qe3 {[%emt 0:01:18]} Bxg2 {[%emt 0:00:14]} 34. Kxg2 {[%emt 0:00:18]} Rd3 {[%emt 0:00:12]} 35. Qf2 {[%emt 0:00:27]} Red8 {[%emt 0:02:04]} 36. Bg5 {[%emt 0:01:28]} Rd2 {[%emt 0:04:32]} 37. Re2 {[%emt 0:00:24]} Ne4 {[%emt 0:00:22]} 38. Rxe4 {[%emt 0:03:34]} Rxf2+ {[%emt 0:00:31]} 39. Kxf2 {[%emt 0:00:08]} Rd2+ {[%emt 0:01:13]} 40. Kg3 {[%emt 0:00:00]} Qc6 {[%emt 0:00:00]} 41. Nf3 {[%emt 0:02:25]} Rd3 {[%emt 0:14:49]} 42. Rae1 {[%emt 0:00:39]} a3 {[%emt 0:04:54]} 43. bxa3 {[%emt 0:04:08]} Qc3 {[%emt 0:01:11]} 44. R4e3 {[%emt 0:10:24]} Rxe3 {[%emt 0:01:22]} 45. Rxe3 {[%emt 0:00:09]} Qxe3 {[%emt 0:00:30]} 46. Bxe7 {[%emt 0:00:30]} Kf7 {[%emt 0:00:00]} 47. Bb4 {[%emt 0:00:01]} h5 {[%emt 0:00:56]} 48. gxh5 {[%emt 0:00:30]} gxh5 {[%emt 0:00:00]} 49. f5 {[%emt 0:09:14]} h4+ {[%emt 0:01:25]} 50. Kxh4 {[%emt 0:00:56]} Qxf3 {[%emt 0:00:06]} 51. Kg5 {[%emt 0:00:30]} Qg3+ {[%emt 0:00:30] e6+ Qf3 f6+ Ke8} 0-1